Culture générale par lettre - K. - Statistiques

Statistiques générales
  • Ce quiz a été pris 4 572 fois
  • Le résultat moyen est 12 sur 15
Statistiques - réponses
Question Réponse % Correct
Nom de famille de Kim, femme du rappeur Kanye West. Kardashian
96%
Célèbre marque de chocolat et confiserie, signifiant "enfant" en Allemand. Kinder
94%
Jeu télévisé, présenté par Denis Brogniart, ou des candidats doivent survivre sur une ile déserte. Koh Lanta
94%
Vêtement traditionnel porté par les hommes des Highlands, en Écosse. Kilt
93%
Nom d'un fruit et d'un petit oiseau. Kiwi
93%
Série télévisé et film crées par Alexandre Astier, s'articulant autour du roi Arthur et de la quête du Graal. Kaamelott
92%
Monstre de fiction ayant l'apparence d'un gorille géant qui apparaît initialement en 1933 dans le film du même nom. King Kong
88%
Sport, se lisant aussi bien de gauche à droite que de droite à gauche. Kayak
85%
Couvre-chef d'origine militaire porté dans les forces armées ou dans certains métiers civils. Képi
77%
Constructeur automobile sud-coréen, créé en 1944. Kia
69%
Groupe de rock Français, interprète de "Dernière danse" ou "Le chemin". Kyo
68%
Deuxième roi de la IVᵉ dynastie de l'Ancien Empire Égyptien, qui a donné son nom a la Grande Pyramide à Gizeh. Khéops
65%
Capitale de la Malaisie. Kuala Lumpur
64%
Série de jeux vidéo éditée par Nintendo, qui s'articule autour des aventures d'une boule rose qui se bat pour sauver Dream Land sur la planète lointaine Popstar. Kirby
60%
Sa capitale est Bichkek. Kirghizistan
60%
Aucun quiz correspondant
Distribution des résultats
% des personnes avec chaque résultat
Percentile par nombre de réponses
Votre historique - résultats
Vous n’avez pas pris ce quiz